00629 2200217 4500001002100000005001700021008004100038020001800079035002400097082000800121090002000129100002000149245009800169250001100267260003100278300002900309650001700338850001200355999002300367999002100390YOGYA-0209000005576020090227033603.0 ind  a979-21-0210-8 0010-020900000055760 a242 a242bSin NlDEP aSINDHUNATA, G.P aNovena kemabang tujuh warna dan air tujuh rupabMaria sangkitiran kencangcG.P.Sindhunata,S.j aCet. 1 aYogyakartabKanisiusc2001 a109 hlmbilusc9 x 14 cm aDoa Kritiani aYOPDBPD a2001-418 h CB-D.11 a2001-418 CB-D.11